| 000 | 00857nam a2200241 i 4500 | ||
|---|---|---|---|
| 001 | 13810 | ||
| 003 | ES-MaACL | ||
| 005 | 20230906150652.0 | ||
| 007 | t| | ||
| 008 | 980707s1981 sp ||||1| spa d | ||
| 020 | _a84-85281-30-6 | ||
| 080 | _a1 Spinoza, Benedictus | ||
| 100 | 1 |
_aTejedor Campomanes, César. _9109575 |
|
| 245 | 1 | 4 |
_aUna antropología del conocimiento _b: estudio sobre Spinoza / _cCésar Tejedor Campomanes. |
| 260 |
_aMadrid : _bUniversidad Pontificia de Comillas, _c1981. |
||
| 300 |
_a287 p. ; _c24 cm. |
||
| 490 | 1 |
_aEstudios ; _v20. _aFilosofía y Letras _78, 1,5 |
|
| 504 | _aBibliografía : p. 274-287. | ||
| 600 | 1 | 4 |
_aSpinoza, Benedictus de- _xCrítica e interpretación. _9107753 |
| 830 | 0 |
_aEstudios ; _v20. _aFilosofía y Letras _78, 1,5 _9228462 |
|
| 852 |
_aES-MaACL _jL-21210 _bR.111641 |
||
| 999 |
_c13810 _d13810 |
||